000 00750nam a2200217 i 4500
001 122852
003 ES-MaACL
005 20250902070714.0
007 t|
008 070214s1966 sp r ||||0| spa d
080 _a658(02)
245 0 0 _aPrograma [del] Máster en Economía y Dirección de Empresas :
_baño académico 1966-67.
260 _aBarcelona :
_bInstituto de Estudios Superiores de la Empresa,
_c1966.
300 _a34 p ;
_c24 cm.
594 _aPrecede al tít.: Universidad de Navarra.
650 7 _aGestión de empresas
_2embne
_912210
710 2 _aUniversidad de Navarra.
_bInstituto de Estudios Superiores de la Empresa.
_97255
852 4 _aES-MaACL
_j2049-F-21
852 4 _aES-MaACL
_j2049-F-22
999 _c122852
_d122852